| 000 | 00800cam a22002777a 4500 | ||
|---|---|---|---|
| 003 | CHAP | ||
| 005 | 20220329135503.0 | ||
| 008 | 971013s1975 r 00010 d | ||
| 010 | _a37407 | ||
| 011 | _a38379 | ||
| 035 | _a42499 | ||
| 040 | _cCHAP | ||
| 090 | _aFolleto 2456y | ||
| 100 | 0 | 0 |
_aMeyerriecks, Andrew J. _975302 |
| 245 | 1 | 3 | _aEl cortejo en los animales |
| 260 |
_aMéxico, D.F. : _bCECSA, _c1975 |
||
| 300 |
_a35 p. _b: ilus |
||
| 590 |
_aBATCH-UPD _b10 _c20130110 _lUCH01 _h2009 |
||
| 590 |
_aBATCH-UPD _b10 _c20130410 _lUCH01 _h1329 |
||
| 590 |
_aCONVERSION _b10 _c20130109 _lUCH01 _h1321 |
||
| 650 | 1 | 4 |
_aAnimales _xApareamiento. _95855 |
| 650 | 1 | 4 |
_aAnimales _xHabitos y conducta. _95865 |
| 901 | _aBK | ||
| 942 | _cFOLL | ||
| 949 |
_aFolleto 2456y _bBC _cFOLL _d-97867 _eTS1 _i42499 _mD _si |
||
| 999 |
_c37407 _d37407 |
||